000 00406nam a2200169Ia 4500
001 10689
003 IN-NITTTR
005 20251114233059.0
008 251113s9999||||xx |||||||||||||| ||eng||
040 _beng
040 _cIN-NITTTR
041 _aeng
082 _a371.4 B995G
100 _aByrne, Richard Hill
245 0 _aGuidance :
_b a behavioral approach /
_cByrne, Richard Hill
942 _2ddc
_cBK
999 _c13325
_d13325